Qualitative data analysis a methods sourcebook

Includes bibliographical references (pages 363-368) and indexes; Introduction -- Research design and management -- Ethical issues in analysis -- Fundamentals of qualitative data analysis -- Designing matrix and network displays -- Methods of exploring -- Methods of describing -- Methods of ordering...

全面介紹

Đã lưu trong:
書目詳細資料
主要作者: Miles, Matthew B
其他作者: Huberman, A. M
格式: 圖書
語言:Undetermined
出版: California Sage 2014
主題:
在線閱讀:http://lrc.tdmu.edu.vn/opac/search/detail.asp?aID=2&ID=24716
標簽: 添加標簽
沒有標簽, 成為第一個標記此記錄!
Thư viện lưu trữ: Trung tâm Học liệu Trường Đại học Thủ Dầu Một
LEADER 01748nam a2200229Ia 4500
001 TDMU_24716
008 210410s9999 xx 000 0 und d
082 |a 001.42 
090 |b M309 
100 |a Miles, Matthew B 
245 0 |a Qualitative data analysis 
245 2 |b a methods sourcebook 
245 0 |c Matthew B. Miles, A. Michael Huberman, Johnny Saldana, Arizona State University 
260 |a California 
260 |b Sage 
260 |c 2014 
300 |a xxiii, 381 pages 
520 |a Includes bibliographical references (pages 363-368) and indexes; Introduction -- Research design and management -- Ethical issues in analysis -- Fundamentals of qualitative data analysis -- Designing matrix and network displays -- Methods of exploring -- Methods of describing -- Methods of ordering -- Methods of explaining -- Methods of predicting -- Drawing and verifying conclusions -- Writing about qualitative research -- Closure; Qualitative Data Analysis: A Methods Sourcebook" is the third edition of Miles & Huberman's classic 1994 research methods text, updated and streamlined by Johnny Saldaña, author of Sage Publications' "The Coding Manual for Qualitative Researchers." Several of the data display strategies from the first and second editions of "Qualitative Data Analysis" are retained in this revision, while presenting them in re-envisioned and reorganized formats to enhance reader accessibility and comprehension 
650 |a Education  |x Research; Social sciences  |x Research; Giáo dục  |x Nghiên cứu; Khoa học xã hội  |x Nghiên cứu 
700 |a Huberman, A. M 
856 |u http://lrc.tdmu.edu.vn/opac/search/detail.asp?aID=2&ID=24716 
980 |a Trung tâm Học liệu Trường Đại học Thủ Dầu Một